| 000 | 00435 a2200169 4500 | ||
|---|---|---|---|
| 001 | 83083 | ||
| 020 | _a1590702247 | ||
| 082 | _a671 WAL | ||
| 090 |
_c40002 _d40002 |
||
| 100 | _aJohn R Walker | ||
| 245 |
_aModern Metal Working 9/ed (IE-303) _hEnglish |
||
| 250 | _a9 | ||
| 260 |
_aTinley Park _bThe goodheart Willcox Company _c2003 |
||
| 300 |
_a200p. _bPhotocopy |
||
| 500 | _aCAE Textbooks | ||
| 505 |
_aNUST Books _gAHQ Books |
||
| 942 |
_acaenust _cIE _k671 WAL |
||
| 999 |
_c318156 _d318156 |
||